zpět

Detail výsledku týmu

Rockle Klub, České Budějovice

Datum a čas kvízu

18.5 Celkem bodů Celkový počet nahraných bodů na tomto kvízu bez doplňovacích otázek.
8. Pořadí na kvízu Konečné umístění týmu na tomto kvízu.

Zaznamenané odpovědi

# Otázka Odpověď Body Výsledky
1. V Českých Budějovicích začal j... voda 1
2. Expedice Tatra kolem světa, kt... Írán 0
3. Na začátku minulého týdne bylo... Jaroslav Uhlíř 1
4. Společnost RegioJet chystá pří... Rijeka 0
5. Aktuální lídr turecké fotbalov... Trabzonspor 0
6. Clint Eastwood oslavil posledn... hrst, pár 0.5
7. V souvislosti s Eastwoodem byc... Sergio Leone, Ennio Morricone 0
8. Který z těchto filmů Eastwood... D 0
9. Nechybělo mnoho a toto téma by... C 0
10. Jak se nazývá hudební projekt,... Gorillaz 1